00968nam a2200241 a 450000100060000000300080000600500170001400800410003103500190007204000260009104100080011708200300012511101070015524501340026226000560039630000200045250000630047250400400053565100400057565100380061570000200065371000530067359301BD-RjUL20211209080720.0161222s1973 ii b 100 0 eng d a(BD-RjUL)59425 aBD-RjULbengcBD-RjUL aeng 223a330.9541405bMOD 19732 aSeminar on Modern Bengal, a Socio-Economic Surveyd(1971 :cInstitute of Historical Studies, Calcutta)00aModern Bengal :ba socio-economic survey : proceedings of a seminar held at the Institute in September 1971 /cedited by S.P. Sen aCalcutta :bInstitute of Historical Studies,cc1973 a97 p. ;c23 cm. aOrganized by the Institute of Historical Studies, Calcutta aIncludes bibliographical references 0aBengal (India)xEconomic conditions 0aBengal (India)xSocial conditions1 aSen, Siba Pada.2 aInstitute of Historical Studies (Kolkata, India)